000 00205 a2200097 4500
001 7248
100 _aWelding, G.N
245 _aRubber and plastic testing
260 _a
_bChapman
_c
090 _c5976
_d5976
942 _aNUST-CAE
_cM
_c32462
999 _c242321
_d242321